000 00954nam a2200217Ia 4500
003 Ost
005 20260507075033.0
008 260507s9999||||xx |||||||||||||| ||und||
040 _cfsecg
041 _aara
082 _a330
100 _aالعلاق، بشير عباس
_eمؤلف
245 0 _aتطبيقات تكنولوجيا المعلومات في الأعمال :
_bمدخل تسويقي /
_c بشير عباس العلاق
260 _aعمان:
_bمؤسسة الوراق,
_c2002
300 _a378 صفحة؛
_bإيضاحات ؛
_c24 سم
520 _aدور الإستراتيجي لتكنولوجيا المعلومات- تطبيقات تكنولوجيا المعلومات في صناعة الخدمات- نظم إسناد وتطوير قرارات وإستراتيجيات التسويق
653 _aأدارة المبيعات
653 _aالتسويق
653 _aتكنولوجيا المعلومات
942 _cكتاب
999 _c42429
_d42429